TOP 20 most used letters in English alphabet - Statistics

General Stats
  • This quiz has been taken 1,962 times
  • The average score is 20 of 20
Answer Stats
Percent Letter % Correct
8.7% A
100%
1.8% B
100%
11.1% E
100%
1.5% F
100%
2.1% G
100%
2.5% H
100%
5.6% L
100%
3.0% M
100%
6.7% N
100%
7.1% O
100%
3.1% P
100%
8.1% R
100%
5.7% S
100%
6.9% T
100%
5.5% C
99%
3.4% D
99%
7.7% I
99%
0.8% K
99%
1.1% W
98%
4.5% Q
97%
No matching quizzes found
Score Distribution
Percent of People with Each Score
Percentile by Number Answered
Your Score History
You have not taken this quiz